000
00190 a2200097 4500
020
_a
9780836893496
041
_a
spa
100
_a
Weber,Valerie J.
245
_a
Tortugas Marinas
942
_c
BK
999
_c
15297
_d
15297